000 00510 a2200181 4500
003 OSt
005 20240205144532.0
008 240205b |||||||| |||| 00| 0 eng d
020 _a9789385281990
040 _coclc
082 _a894.8128
_bJOH/C
100 _aJohny, O K
_98179
245 _aCinemayude Varthamanam /
_cO. K. Johnny
250 _a1st ed.
260 _aKozhikode:
_bOlive Publications,
_c2001.
300 _a250p.
942 _2ddc
_cBK
_h894.8128
_iJOH/C
_k894.8128
_mJOH/C
999 _c44295
_d44295